000 00258nam a22001217a 4500
008 171228b xxu||||| |||| 00| 0 eng d
041 _aeng
080 _a82
100 _a21
101 _aGJL
245 _aRENAISSANCE DRAMA
_cSCHOENBAUM,S
942 _2udc
_cBK
999 _c39552
_d39552